Analysis of alteranting-current circuits / (Record no. 180836)

000 -LEADER
fixed length control field 00997 a2200169 4500
003 - CONTROL NUMBER IDENTIFIER
control field Nust
005 - DATE AND TIME OF LATEST TRANSACTION
control field 20230720132603.0
040 ## - CATALOGING SOURCE
Transcribing agency Nust
082 ## - DEWEY DECIMAL CLASSIFICATION NUMBER
Classification number 621.3192,LEP
100 ## - MAIN ENTRY--PERSONAL NAME
Personal name LePage W.R
9 (RLIN) 113741
245 ## - TITLE STATEMENT
Title Analysis of alteranting-current circuits /
Statement of responsibility, etc. W. R. LePage
260 ## - PUBLICATION, DISTRIBUTION, ETC.
Place of publication, distribution, etc. McGraw-Hill
Name of publisher, distributor, etc. Toronto
Date of publication, distribution, etc. 1952
300 ## - PHYSICAL DESCRIPTION
Extent xiii, 444 p.
505 ## - FORMATTED CONTENTS NOTE
Formatted contents note Alternating-Current System (Page-1), Introductory Concepts (Page-7), Metering and Effective Value (Page-47), Symbolic Treatment of Sinusoids (Page-72), Basic Interodifferential Equations (Page-88), Sinusoidal Excitations (Page-103) Power (Page-149), Applications of Complex Quantities (Page-167), Network Terminology and Notation (Page-190), Analysis of Networks (Page-199), Analysis of Networks (Continued) (Page-220), Magnetic Coupling (Page-262), Polyphase Systems (Page-281), Variable-response Networks (Page-322), Nosinusoidal Periodic Waves (Page-351), Fourier Series (Page-371).
650 ## - SUBJECT ADDED ENTRY--TOPICAL TERM
Topical term or geographic name entry element AC circuits
9 (RLIN) 113749
942 ## - ADDED ENTRY ELEMENTS (KOHA)
Source of classification or shelving scheme
Koha item type Book Bank
Holdings
Withdrawn status Lost status Source of classification or shelving scheme Damaged status Not for loan Permanent Location Current Location Shelving location Date acquired Full call number Barcode Date last seen Price effective from Koha item type Public note
          Military College of Signals (MCS) Military College of Signals (MCS) General Stacks 12/12/2016 621.3192,LEP MCS5648 12/08/2016 12/12/2016 Book Almirah No.88, Shelf No.3
© 2023 Central Library, National University of Sciences and Technology. All Rights Reserved.